| 000 | 00690cam a22002171 4500 | ||
|---|---|---|---|
| 001 | 000019044 | ||
| 005 | 20200929165917.0 | ||
| 008 | 730410s1957 nyu 000 0 eng | ||
| 010 | _a57008166 | ||
| 040 |
_aDO-SdBNP _cDLC _dDLC |
||
| 050 | 0 | 0 |
_aPS659 _b.C4 |
| 100 | 1 |
_aCerf, Bennett, _d1898-1971, _eed. _940967 |
|
| 245 | 1 | 0 |
_aReading for pleasure, / _cchosen with introd. and comment by Bennett Cerf. |
| 250 | _a[1st ed.] | ||
| 260 |
_aNew York, : _bHarper, _c[1957]. |
||
| 300 |
_a769 p. ; _c23 cm. |
||
| 650 | 0 |
_aAmerican prose literature _y20th century. _940968 |
|
| 650 | 0 |
_aEnglish prose literature _y20th century. _940969 |
|
| 910 | _aCatalogación derivada / LC | ||
| 082 | 0 | 0 | _a810.82 |
| 999 |
_c18562 _d18562 |
||